LDR 01034naa#a2200181#i#450# 001 RU\\bibl\126440 005 20260630002351.2 011 ## _a2223-9987 100 ## _a20260629b2026####ek#y0rusy0150####ca 102 ## _aRU 200 1# _aЭлектротепловая модель контактной сети переменного тока и механизм плавления гололедных отложений при автотрансформаторной системе тягового электроснабжения _eЖурнальная статья 210 1# _aСанкт-Петербург _cФГБОУ ВО "Петербургский государственный университет путей сообщения Императора Александра I" _d2026 215 ## _a12 с. 608 ## _aЖурнальная статья _2local 675 ## _aРаспределение энергии. Сети. 621.332 _z 700 #1 _aЛИ _gИюань 700 #1 _aВикулов _gИлья Павлович 856 4# _aatjournal.ru _u